Online Catalogue and eLibrary

A New life for women in the USSR. (Record no. 176)

MARC details
000 -LEADER
fixed length control field 00448cam a2200181 i 4500
001 - CONTROL NUMBER
control field 4129268
005 - DATE AND TIME OF LATEST TRANSACTION
control field 20231218000056.0
008 - FIXED-LENGTH DATA ELEMENTS--GENERAL INFORMATION
fixed length control field 760421s1975 ru af 000 0 eng
020 ## - INTERNATIONAL STANDARD BOOK NUMBER
ISBN 0802010203250.
040 ## - CATALOGING SOURCE (பட்டியலாக்க மூலம்)
Original cataloging agency DLC
Transcribing agency DLC
Modifying agency DLC
082 00 - DDC Classification
Class No. 301.41/2/0947
DDC Edition Number 22
245 02 - TITLE STATEMENT
Title A New life for women in the USSR.
250 ## - EDITION STATEMENT
Edition statement 5th
260 ## - PUBLICATION, DISTRIBUTION, ETC.
Place of publication, distribution, etc. Moscow :
Name of publisher, distributor, etc. Novosti Press Agency Pub. House,
Date of publication, distribution, etc. 1975.
300 ## - PHYSICAL DESCRIPTION
Extent (e.g. Volumes, Pages etc.) 160 p.:
650 #0 - SUBJECT ADDED ENTRY--TOPICAL TERM
Topical term or geographic name entry element Women
942 ## - Koha item type (Biblio)
Koha item type Books in Stacks (Lending)
Holdings
Lost status Damaged status Collection code Home library Current library Date acquired Full call number Accession Number Item type
    Lending WERC Library WERC Library 12/18/2023 301.41/2/0947 1865 Books in Stacks (Lending)

© WERC Library